000 00371nam a2200133Ia 4500
008 220217s9999||||xx |||||||||||||| ||und||
020 _a0-07-463786-X
082 _a00 5.133 NEI
100 _aO'neil, Josefh
245 0 _aJavabeans programming from the ground Up
260 _aTata mcgraw hill
_bNew Delhi
_c2000
300 _b360
650 _aPROGRAMMING LANGUAGE
999 _c166195
_d166195